| 000 | 01590cam a2200241 a 4500 | ||
|---|---|---|---|
| 003 | OSt | ||
| 005 | 20210225101459.0 | ||
| 008 | s19940000ck a 0 spa d | ||
| 020 | _a9589566812 | ||
| 040 |
_aCO-BoPUJ _cCO-JMCR |
||
| 082 | 0 | 4 |
_a370.9861 / _bP348e _223 |
| 100 | 1 |
_aPazos, Ramiro de Jesús, _eautor _913937 |
|
| 245 | 0 | 0 |
_aEducación y modernidad : _buna escuela para la democracia / _cRamiro de Jesús Pazos, Nicolás Buenaventura, Marco Raúl Mejía, [y 5 más] |
| 260 |
_aBogotá : _bInstituto para el Desarrollo de la Democracia Luis Carlos Galán, _c1994 |
||
| 300 |
_a271 páginas : _bilustraciones en blanco y negro ; _c23 cm. |
||
| 490 | 0 | _aPrograma educación para la democracia | |
| 505 | 0 |
_tUn nuevo momento para la educación / _rRicardo Sánchez Ángel -- _tlos derechos de la educación y la cultura / _rRamiro de Jesús Pazos Guerrero -- _tEl concepto moderno de democracia / _rNicolás Buenaventura -- _tEn búsqueda de una escuela para la nueva época / _rMarco Raúl Mejía J. -- _tLa travesía de los maestros: de la escuela a la vida contemporánea / _rAlberto Martínez Boom -- _tLa acción de tutela en la educación / _rMario Sequeda Mercedes González -- _tLa investigación protagónica del docente en la vida escolar / _rGonzalo Arcila Ramírez -- _tValores de la democracia: universalizables o circunstanciales? / _rEdgar Suárez Osorio |
|
| 650 | 2 | 4 |
_aEducación _zcolombia _99941 |
| 650 | 2 | 4 |
_aDemocracia _zcolombia _913938 |
| 700 | 1 |
_aBuenaventura, Nicolás, _eautor _913939 |
|
| 700 | 1 |
_aMejía, Marco Raúl, _eautor _911382 |
|
| 942 |
_2ddc _cBK |
||
| 999 |
_c7327 _d7327 |
||